000
00255 a2200121 4500
001
155491
040
_c
Escola São Tomás de Aquino
240
1
0
_a
Português
_l
por
245
1
0
_a
Português
362
0
_a
2010
697
_a
Língua portuguesa
942
_c
BK
999
_c
155491
_d
155491